00533pab a2200157 454500008004000000100002200040245010900062260000900171300001200180362000800192650002000200773002100220909001000241999001700251952010700268180718b2005 xxu||||| |||| 00| 0 eng d aBuiter, Willem H. aNew developments in monetary economics: two ghosts, two eccentricities, a fallacy, a mirage and a mythos c2005 ap.1-31. aMar aMonetary policy aEconomic Journal a66145 c66145d66145 00104070aIIPAbIIPAd2018-07-19hVolume no: 115, Issue no: 502pAR66597r2018-07-19w2018-07-19yAR